| 000 | 00790nam a2200205 a 4500 | ||
|---|---|---|---|
| 003 | OSt | ||
| 005 | 20150408114120.0 | ||
| 008 | 130224s2013 ly a g b f000 0 ara d | ||
| 020 | _a9789959256102 | ||
| 040 | _aMa-Un | ||
| 082 | 0 | 4 |
_a411.5 _bق ع د _221 |
| 100 | 1 |
_921628 _aقدوع، عبد الحميد الهادي. |
|
| 245 | 1 | 2 |
_aالدراسات الصوتية عند علماء العربية / _cعبد الحميد الهادي قدوع. |
| 250 | _aط. 1. | ||
| 260 |
_aطرابلس، ليبيا : _bوزارة الثقافة والمجتمع المدني، _c2013 |
||
| 300 | 2 |
_a152 ص. : _bجداول، رسوم ؛ _c24 سم. |
|
| 504 | _aببليوجرافية : ص. 143-148. | ||
| 650 | 7 |
_aاللغة العربية _xعلم الأصوات _2aucsh _921806 |
|
| 942 |
_2ddc _cBOOK |
||
| 999 |
_c28236 _d262736 |
||